000 00541nam a2200169 a 4500
005 20160112110859.0
008 140318b1996 xr ||||| |||| 00| 0 eng d
040 _aCO-BoIAVH
_cCO-BoIAVH
041 _aeng
082 4 _a338.37273
_bD61d
245 _aDiscussion paper pursuant to CITES resolution CONF 9.17 an overview of the impacts on the biological atatus of sharks
260 _as.l.
_bCITES
_c1996
300 _a65 paginas.:
_bgragicas;
_c30 x 22 cm
650 6 _aTiburón
_950023
650 6 _aPeces marinos
_950024
942 _cLIBRO
_2ddc
999 _c5111
_d5111